Methods of enzymatic analysis. 11 V (Record no. 36949)

MARC details
000 -LEADER
fixed length control field 00308nam a2200121Ia 4500
082 ## - DEWEY DECIMAL CLASSIFICATION NUMBER
Classification number 577.1
Item number BER
100 ## - MAIN ENTRY--AUTHOR NAME
Personal name Bergmeyer, Hans Ulrich
245 #0 - TITLE STATEMENT
Title Methods of enzymatic analysis. 11 V
250 ## - EDITION STATEMENT
Edition statement Ed.3
260 ## - PUBLICATION, DISTRIBUTION, ETC. (IMPRINT)
Place of publication Germany
Name of publisher VCH Verlag
Year of publication 1985
942 ## - ADDED ENTRY ELEMENTS (KOHA)
Koha item type Books
Holdings
Withdrawn status Lost status Damaged status Not for loan Home library Current library Date acquired Full call number Accession Number Koha item type
        RRII Library RRII Library 16/12/2021 577.1 BER 17345 Books